|
|
|
|
| LEADER |
01481nam a2200397Ia 4500 |
| 001 |
EBC3050664 |
| 003 |
MiAaPQ |
| 005 |
20200520144314.0 |
| 006 |
m o d | |
| 007 |
cr cn||||||||| |
| 008 |
031028s2004 dcu sb 001 0 eng d |
| 020 |
|
|
|z 0821356852
|
| 035 |
|
|
|a (MiAaPQ)EBC3050664
|
| 035 |
|
|
|a (Au-PeEL)EBL3050664
|
| 035 |
|
|
|a (CaPaEBR)ebr10052878
|
| 035 |
|
|
|a (CaONFJC)MIL8526
|
| 035 |
|
|
|a (OCoLC)922951648
|
| 040 |
|
|
|a MiAaPQ
|c MiAaPQ
|d MiAaPQ
|
| 050 |
|
4 |
|a HC79.D45
|b B46 2004
|
| 082 |
0 |
4 |
|a 363.34
|2 22
|
| 100 |
1 |
|
|a Benson, Charlotte.
|
| 245 |
1 |
0 |
|a Understanding the economic and financial impacts of natural disasters
|h [electronic resource] /
|c Charlotte Benson, Edward J. Clay.
|
| 260 |
|
|
|a Washington, DC :
|b World Bank,
|c 2004.
|
| 300 |
|
|
|a x, 119 p.
|
| 490 |
1 |
|
|a Disaster risk management series ;
|v no. 4
|
| 504 |
|
|
|a Includes bibliographical references and index.
|
| 533 |
|
|
|a Electronic reproduction. Ann Arbor, MI : ProQuest, 2015. Available via World Wide Web. Access may be limited to ProQuest affiliated libraries.
|
| 650 |
|
0 |
|a Natural disasters
|x Economic aspects.
|
| 650 |
|
0 |
|a Natural disasters
|x Planning.
|
| 650 |
|
0 |
|a Emergency management.
|
| 650 |
|
0 |
|a Disaster relief.
|
| 655 |
|
4 |
|a Electronic books.
|
| 700 |
1 |
|
|a Clay, Edward J.
|
| 710 |
2 |
|
|a ProQuest (Firm)
|
| 830 |
|
0 |
|a Disaster risk management series ;
|v no. 4.
|
| 856 |
4 |
0 |
|u https://ebookcentral.proquest.com/lib/matrademy/detail.action?docID=3050664
|z Click to View
|